Život a dílo Antonína Dvořáka Část IV. 1897-1904

Uložené v:
Podrobná bibliografia
Hlavný autor: Šourek, Otakar 1883-1956 (Author)
Médium: Kniha
Jazyk:Czech
Vydané: Praha : Státní nakladatelství krásné literatury, hudby a umění, 1957.
Vydanie:2. doplnené vyd.
ISBN: (viaz.)
Fyzický popis: 331 s., [20] s. + : obr. príl., noty.
Tagy: Pridať tag
Žiadne tagy, Buďte prvý kto otaguje tento záznam!

MARC

LEADER 00000nam a22000007a 4500
001 000463525
005 20150410231343.0
008 070228 1957 xr e cze d
020 |a (viaz.)  |c Kčs 41,50 
040 |a SVKKK  |b slo  |c SVKKK  |e AACR2 
041 0 |a cze 
044 |a xr  |c CZ 
100 1 |a Šourek, Otakar  |d 1883-1956  |4 aut 
245 1 0 |a Život a dílo Antonína Dvořáka  |n Část IV.  |p 1897-1904  |c Otakar Šourek. 
250 |a 2. doplnené vyd. 
260 |a Praha :  |b Státní nakladatelství krásné literatury, hudby a umění,  |c 1957. 
300 |a 331 s., [20] s. + :  |b obr. príl., noty. 
910 |a svkkk 
998 |a BK 
090 |g SCKHL  |k Sklad Pribinova 1. posch.  |a IV.12325  |j 143588  |i 463525-20  |s Prezenčne 
090 |g SCKHL  |k Sklad Pribinova 1. posch.  |a IV.16181  |j 155099  |i 463525-10  |s Prezenčne